One Hundred 2010s Albums - Statistics

General Stats
  • This quiz has been taken 313 times
  • The average score is 47 of 100
Answer Stats
Picture Answer % Correct
Taylor Swift - 1989
95%
Drake - Take Care
94%
Adele - 25
92%
Bruno Mars - 24K Magic
91%
Ariana Grande - Yours Truely
89%
Kendrick Lamar - Damn
89%
x [Multiply] - Ed Sheeran
88%
Justin Bieber - Believe
87%
One Direction - Four
86%
The Weeknd - Starboy
85%
Travis Scott - Astroworld
85%
Daft Punk - Random Access Memories
84%
Arctic Monkeys - AM
83%
Harry Styles - Fine Line
83%
Katy Perry - PRISM
83%
Tyler, the Creator - Flower Boy
83%
Beyoncé - Lemonade
77%
Lady Gaga - Born This Way
77%
Childish Gambino - Because the Internet
76%
Lana Del Rey - Ultraviolence
75%
Doja Cat - Hot Pink
74%
Kanye West - Yeezus
74%
SZA - Ctrl
73%
Eminem - Recovery
69%
Rihanna - Anti
69%
Frank Ocean - Channel Orange
68%
Coldplay - A Head Full of Dreams
67%
Imagine Dragons - Night Visions
66%
Ke$ha - Animal
64%
J. Cole - 2014 Forest Hills Drive
63%
Mac Miller - Swimming
63%
Lorde - Melodrama
62%
Chance the Rapper - Coloring Book
61%
Nicki Minaj - The Pinkprint
60%
Paramore - Paramore
60%
Post Malone - beerbongs & bentleys
60%
Hozier - Hozier
58%
Justin Timberlake - The 20/20 Experience
56%
XXXTENTACION - 17
53%
Gorillaz - Plastic Beach
50%
Charli XCX - Charli
47%
Melanie Martinez - Cry Baby
47%
Carly Rae Jepsen - EMOTION
45%
Gotye - Making Mirrors
45%
A$AP Rocky - At.Long.Las.A$AP
44%
Future - Future
43%
Kali Uchis - Isolation
42%
Maroon 5 - Hands All Over
42%
Phoebe Bridgers - Stranger in the Alps
42%
David Guetta - Nothing But the Beat
40%
Tame Impala - Lonerism
40%
The 1975 - The 1975
39%
Mac DeMarco - Salad Days
38%
Playboi Carti - Playboi Carti
38%
Radiohead - A Moon Shaped Pool
38%
21 Savage - i am > i was
37%
TV Girl - French Exit
37%
Twenty One Pilots - Trench
36%
Lil Baby / Gunna - Drip Harder
35%
The Chainsmokers - Memories... Do Not Open
35%
MGMT - Little Dark Age
33%
Car Seat Headrest - Twin Fantasy
32%
Lady A - Need You Now
32%
Young Thug - So Much Fun
32%
Chris Brown - Indigo
31%
Eric Church - Chief
31%
Luke Bryan - Tailgates & Tanlines
31%
Brockhampton - Saturation
30%
Earl Sweatshirt - Some Rap Songs
30%
Solange - When I Get Home
30%
Denzel Curry - TA13OO
29%
fun. - Some Nights
25%
Calvin Harris - 18 Months
24%
Pusha T - DAYTONA
24%
Beach House - Bloom
23%
Chief Keef - Finally Rich
23%
Pitbull - Global Warming
23%
Queens of the Stone Age - ...Like Clockwork
23%
Deftones - Koi no yokan
22%
Florida Georgia Line - Here's to the Good Times
22%
The Strokes - Angles
22%
Cage the Elephant - Social Cues
21%
The Lumineers - The Lumineers
21%
LCD Soundsystem - This Is Happening
20%
Waka Flocka Flame - Flockaveli
20%
Chris Stapleton - Traveller
19%
Zedd - Clarity
19%
Anderson .Paak - Malibu
17%
Arcade Fire - The Suburbs
17%
Logic - Under Pressure
16%
James Blake - James Blake
15%
Linkin Park - A Thousand Suns
14%
Two Door Cinema Club - Tourist History
14%
Alvvays - Alvvays
13%
Big K.R.I.T. - 4eva Is a Mighty Long Time
13%
D'Angelo and The Vanguard - Black Messiah
13%
King Gizzard and the Lizard Wizard - Nonagon Infinity
12%
Tyler Childers - Purgatory
12%
Bladee - Eversince
11%
Father John Misty - God's Favorite Customer
11%
No matching quizzes found
Score Distribution
Percent of People with Each Score
Percentile by Number Answered
Your Score History
You have not taken this quiz